| 000 | 00581nam a2200205 i 4500 | ||
|---|---|---|---|
| 001 | 60408 | ||
| 003 | ES-MaACL | ||
| 005 | 20250325091442.0 | ||
| 007 | t| | ||
| 008 | 031104s1950 sp ||||1| spa d | ||
| 080 | _a242 | ||
| 100 | 0 |
_aJosemaría Escrivá de Balaguer, _cSanto _966981 |
|
| 245 | 1 | 0 |
_aCamino / _cJosé María Escrivá. |
| 250 | _a6ª ed. | ||
| 260 |
_aMadrid : _b[Rialp, _c1950] ( _fAfrodisio Aguado) |
||
| 300 |
_a453 p., 1 lám. ; _c12 cm. |
||
| 650 | 0 | 4 |
_aMeditaciones. _914983 |
| 852 |
_aES-MaACL _jD-6735 _bR.30473 |
||
| 999 |
_c60408 _d60408 |
||